Estudio de la situación actual y perspectivas de la industria de moldes y troqueles en Costa Rica

Uloženo v:
Podrobná bibliografie
Hlavní autor: Talavera Galo, Pablo Róger
Další autoři: Montero Gómez, Juan Sebastián
Médium: Kniha
Vydáno: San José, Costa Rica 1992
Témata:
Tagy: Přidat tag
Žádné tagy, Buďte první, kdo vytvoří štítek k tomuto záznamu!

MARC

LEADER 00000nam a2200000Ia 4500
003 005515
005 20221231144320.0
008 140114s1992 cr a m 000 ||s d
040 |c cru CEDI 
090 |a TFG 2639 
100 |a Talavera Galo, Pablo Róger  |9 12306 
245 |a Estudio de la situación actual y perspectivas de la industria de moldes y troqueles en Costa Rica  
260 |c 1992  |a San José, Costa Rica 
300 |a  xii, 202 hojas : ilustraciones ; 27 cm.  
500 |a Proyecto de graduacion (licenciatura en ingenieria mec{anica)--Universidad de Costa Rica. Facultad de Ingeniería. Escuela de Ingenieria Mecánica 
650 |x TROQUELES - INDUSTRIA Y COMERCIO   |x MOLDEO (FUNDICION)  |9 12308 
700 |9 12307  |a Montero Gómez, Juan Sebastián 
942 |c TFG 
999 |c 20038  |d 20038